[Event "4th Vidmar Memorial"]
[Site "Ljubljana YUG"]
[Date "1977.06.03"]
[Round "2"]
[White "Tseshkovsky, Vitaly"]
[Black "Bukic, Enver"]
[Result "1/2-1/2"]
[WhiteElo "2590"]
[BlackElo "2490"]
[EventDate "1977.06.02"]
[PlyCount "69"]

1.e4 c5 2.Nf3 d6 3.d4 cxd4 4.Nxd4 Nf6 5.Nc3 a6 6.f4 Qc7 7.Bd3 g6 8.O-O 
Nbd7 9.Kh1 Bg7 10.Nf3 e5 11.Qe2 O-O 12.fxe5 dxe5 13.a4 Nc5 14.Bg5 Be6 15.
Nh4 Nh5 16.Nf5 Nf4 17.Bxf4 exf4 18.Nxg7 Kxg7 19.Qf2 Rad8 20.Rad1 Qe5 21.
Qxf4 Qxf4 22.Rxf4 Rd4 23.Be2 Rb4 24.b3 Rc8 25.h3 Nxb3 26.cxb3 Rxc3 27.Bc4 
Rcxc4 28.bxc4 Rxc4 29.Rb1 g5 30.Rf2 Rxe4 31.a5 Ra4 32.Rxb7 Rxa5 33.Re2 Kg6
34.Ra7 h5 35.Rc2 1/2-1/2

[Event "4th Vidmar Memorial"]
[Site "Ljubljana YUG"]
[Date "1977.06.08"]
[Round "6"]
[White "Sosonko, Gennadi"]
[Black "Barle, Janez"]
[Result "1/2-1/2"]
[WhiteElo "2530"]
[BlackElo "2450"]
[EventDate "1977.06.02"]
[PlyCount "27"]

1.d4 Nf6 2.c4 e6 3.g3 c5 4.d5 exd5 5.cxd5 b5 6.e4 Nxe4 7.Qe2 Qe7 8.Bg2 f5 
9.Nh3 b4 10.d6 Qxd6 11.f3 Ba6 12.Qe3 Nc6 13.fxe4 O-O-O 14.Ng5 1/2-1/2

[Event "4th Vidmar Memorial"]
[Site "Portoroz YUG"]
[Date "1977.06.12"]
[Round "8"]
[White "Bukic, Enver"]
[Black "Barle, Janez"]
[Result "0-1"]
[WhiteElo "2490"]
[BlackElo "2450"]
[EventDate "1977.06.02"]
[PlyCount "114"]

1.Nf3 g6 2.c4 Bg7 3.Nc3 c5 4.g3 Nc6 5.Bg2 e6 6.d3 d5 7.Bg5 Nge7 8.O-O O-O 
9.Qc1 d4 10.Na4 b6 11.a3 Bb7 12.Bd2 Qd7 13.b4 Nd8 14.Qc2 Bc6 15.b5 Bb7 16.
Rae1 e5 17.e3 dxe3 18.fxe3 Ne6 19.Bc3 Qc7 20.Bb2 Rad8 21.Nc3 f5 22.e4 Nd4 
23.Qd1 f4 24.g4 Qd7 25.h3 Nxf3+ 26.Rxf3 g5 27.Qe2 Ng6 28.Nd5 Nh4 29.Rff1 
Rf7 30.Bf3 h5 31.Kf2 Bc8 32.Rh1 Bb7 33.a4 hxg4 34.Bxg4 Qd6 35.Bh5 Rff8 36.
Qg4 Bh6 37.Reg1 Kh7 38.Qd1 a6 39.Qa1 Bxd5 40.Bxe5 Bg7 41.Bxg7 Bxe4 42.Bxf8
Qxf8 43.Qe5 Bxh1 44.Qxg5 Ng2 45.Qg6+ Kh8 46.Bf3 Qe7 47.Qh6+ Kg8 48.Qg6+ 
Kh8 49.Qe4 Qh4+ 50.Ke2 Qf6 51.Bxg2 f3+ 52.Bxf3 Bxf3+ 53.Qxf3 Re8+ 54.Kf2 
Qb2+ 55.Kg3 Rg8+ 56.Kh4 Rxg1 57.Qf8+ Kh7 0-1

[Event "4th Vidmar Memorial"]
[Site "Portoroz YUG"]
[Date "1977.06.14"]
[Round "10"]
[White "Bukic, Enver"]
[Black "Gligoric, Svetozar"]
[Result "1/2-1/2"]
[WhiteElo "2490"]
[BlackElo "2565"]
[EventDate "1977.06.02"]
[PlyCount "26"]

1.d4 Nf6 2.c4 g6 3.Nc3 Bg7 4.e4 d6 5.Nf3 O-O 6.Be2 e5 7.dxe5 dxe5 8.Qxd8 
Rxd8 9.Bg5 Re8 10.Nd5 Nxd5 11.cxd5 c6 12.Bc4 cxd5 13.Bxd5 Nd7 1/2-1/2

[Event "4th Vidmar Memorial"]
[Site "Portoroz YUG"]
[Date "1977.06.19"]
[Round "13"]
[White "Kurajica, Bojan"]
[Black "Hort, Vlastimil"]
[Result "1/2-1/2"]
[WhiteElo "2530"]
[BlackElo "2620"]
[EventDate "1977.06.02"]
[PlyCount "31"]

1.e4 e5 2.Nf3 Nc6 3.Bb5 a6 4.Ba4 Nf6 5.O-O Be7 6.Re1 b5 7.Bb3 d6 8.c3 O-O 
9.h3 Nb8 10.d4 Nbd7 11.Nbd2 Bb7 12.Bc2 Re8 13.Nf1 Bf8 14.Ng3 g6 15.a4 c5 
16.d5 1/2-1/2